| 000 | 01240nam a22002417a 4500 | ||
|---|---|---|---|
| 005 | 20140904111538.0 | ||
| 010 | _aENG-110720 | ||
| 020 |
_a9788132116608 _c645.00 |
||
| 035 | _aEN-94252 | ||
| 037 | _bDBAD/PUB | ||
| 082 | _a307.2 | ||
| 100 | _aChatterjee, Ipsita | ||
| 245 |
_aDisplacement, revolution and the new urban condition : _cby Ipsita Chatterjee _btheories and case studies / |
||
| 260 |
_aNew Delhi _bSage Publications _c2014 |
||
| 270 |
_aB1/ I-1 Mohan Cooperative Industrial Area,Mathura Road _bNew Delhi _e110044 |
||
| 300 |
_axvi,158p. _c22cm(Hb) |
||
| 500 | _aIncludes bibliographical references and index | ||
| 505 | _aAcknowledgments -- Preface -- List of images -- Introduction -- New urban politics -- Accumulation, estrangement, and displacement -- Resettlement and the territorialization of exploitation -- Of unruly practices and resistance -- Reversing the arrow? : theory transfer and theory-building -- Bibliography -- Index -- About the author. | ||
| 650 |
_a Forced migration _xSocial aspects _zDeveloping countries |
||
| 650 |
_aUrbanization _zDeveloping countries _xSocial aspects. |
||
| 650 |
_aEconomic development projects _zDeveloping countries. |
||
| 942 |
_2ddc _cEN _mCHA _h307.2 |
||
| 999 |
_c88272 _d88272 |
||